| 000 | 00382nam a2200145Ia 4500 | ||
|---|---|---|---|
| 008 | 210210b1979 xxu||||| |||| 00| 0 eng d | ||
| 082 | _a923.2 BHUI | ||
| 100 | _aBHUTTO (Zulfikar Ali). | ||
| 245 | _aIf i am assassinated… | ||
| 260 |
_aNew Delhi. _bVikas Publishing House Pvt Ltd., _c1979 |
||
| 300 | _axxxiv,204 | ||
| 650 | _aPakistan | ||
| 690 | _aBiography | ||
| 906 | _a034678 | ||
| 999 |
_c85515 _d85515 |
||